New trends in bio-inorganic chemistry / (Record no. 6611)

MARC details
000 -LEADER
fixed length control field 00879cam a2200265 i 4500
001 - CONTROL NUMBER
control field 1320189
003 - CONTROL NUMBER IDENTIFIER
control field OSt
005 - DATE AND TIME OF LATEST TRANSACTION
control field 20200207114145.0
008 - FIXED-LENGTH DATA ELEMENTS--GENERAL INFORMATION
fixed length control field 790315s1978 enka b 001 0 eng
010 ## - LIBRARY OF CONGRESS CONTROL NUMBER
LC control number 78018034
015 ## - NATIONAL BIBLIOGRAPHY NUMBER
National bibliography number GB***
020 ## - INTERNATIONAL STANDARD BOOK NUMBER
International Standard Book Number 012755050X
040 ## - CATALOGING SOURCE
Original cataloging agency DLC
Transcribing agency DLC
Modifying agency DLC
082 00 - DEWEY DECIMAL CLASSIFICATION NUMBER
Classification number 660.6
Item number BAI 1993
245 00 - TITLE STATEMENT
Title New trends in bio-inorganic chemistry /
Statement of responsibility, etc. edited by R. J. P. Williams, J. R. R. F. da Silva.
260 ## - PUBLICATION, DISTRIBUTION, ETC. (IMPRINT)
Place of publication, distribution, etc. London ;
-- New York :
Name of publisher, distributor, etc. Academic Press,
Date of publication, distribution, etc. 1993.
300 ## - PHYSICAL DESCRIPTION
Extent 489 p. :
Other physical details ill. ;
Dimensions 24 cm.
490 0# - SERIES STATEMENT
Series statement Frontiers of knowledge series
504 ## - BIBLIOGRAPHY, ETC. NOTE
Bibliography, etc Includes bibliographical references and index.
650 #0 - SUBJECT ADDED ENTRY--TOPICAL TERM
Topical term or geographic name as entry element Bioinorganic chemistry.
9 (RLIN) 3975
700 1# - ADDED ENTRY--PERSONAL NAME
Personal name Williams, R. J. P.
Fuller form of name (Robert Joseph Paton)
9 (RLIN) 13599
700 1# - ADDED ENTRY--PERSONAL NAME
Personal name Silva, J. R. R. Fraústo da.
9 (RLIN) 13600
906 ## - LOCAL DATA ELEMENT F, LDF (RLIN)
a 7
b cbc
c orignew
d 2
e ocip
f 19
g y-gencatlg
942 ## - ADDED ENTRY ELEMENTS (KOHA)
Source of classification or shelving scheme Dewey Decimal Classification
Koha item type Open Shelf
Holdings
Withdrawn status Lost status Source of classification or shelving scheme Damaged status Not for loan Home library Current library Date acquired Source of acquisition Inventory number Total Checkouts Full call number Barcode Date last seen Price effective from Koha item type
    Dewey Decimal Classification     MUST Main Library MUST Main Library 07/02/2020 Donation 2011/34490   660.6 BAI 1993 2020-0428 07/02/2020 07/02/2020 Open Shelf